| 000 | 00483nam a22001817a 4500 | ||
|---|---|---|---|
| 003 | CEME | ||
| 005 | 20210628205929.0 | ||
| 008 | 210209b xxu||||| |||| 00| 0 eng d | ||
| 020 | _a0-7680-0155-2 | ||
| 040 | _c. | ||
| 082 | _a629.2-SAE GEN | ||
| 100 |
_aSae _99448 |
||
| 245 | _aGeneral emissions sp-1335 | ||
| 260 |
_aUSA _bSAE INTERNATIONAL _c1998 |
||
| 300 | _a298P | ||
| 650 |
_aSP-1335.AUTOMOTIVE VEHICLES EMISSIONS EMISSIONS,AUTOMOTIVE VEHICLES _977517 |
||
| 942 |
_cBK _2ddc |
||
| 999 |
_c582780 _d582780 |
||